000 01075cad a22002535a 4500
001 L154476
008 111212s2011 xxkqr p 0 a0eng u
035 _a(Sirsi) u154476
041 0 _aeng
100 1 _aSavage, David
110 2 _aCharles Russell LLP
_95345
245 0 4 _aThe impact of legislative amendments on adjudication
_h[electronic resource]
260 _a[S.l.]
_bCharles Russell LLP
_c2011
520 _aA summary and explanation of the main legislative changes to the Construction Act.
590 _aKA
650 2 4 _aHOUSING GRANTS, CONSTRUCTION AND REGENERATION ACT 1996
650 2 4 _aLOCAL DEMOCRACY, ECONOMIC DEVELOPMENT AND CONSTRUCTION ACT 2009
651 4 _aEngland and Wales
_y1543-
690 _aBUILT ENVIRONMENT-CONSTRUCTION MANAGEMENT-BUILDING CONTRACT ADMINISTRATION
690 _aProcurement
_96260
700 1 _aMiddleton, Roberta
856 4 0 _uhttps://www.mondaq.com/x/151914/Building+Construction/The+Impact+Of+Legislative+Amendments+On+Adjudication&email_access=on
_zView the article free of charge at www.mondaq.com
942 _n0
999 _c113001
_d113001